Knižničná a informačná veda XXI zborník Filozofickej fakulty Univerzity Komenského

Guardado en:
Detalles Bibliográficos
Autor Corporativo: Univerzita Komenského v Bratislave. Filozofická fakulta
Otros Autores: Čabrunová, Anna
Formato: Libro
Lenguaje:eslovaco
inglés
Publicado: Bratislava Univerzita Komenského Bratislava 2007
Materias:
Etiquetas: Agregar Etiqueta
Sin Etiquetas, Sea el primero en etiquetar este registro!

MARC

LEADER 00000nam a2200000 4500
001 0071319
005 20240104115905.1
020 |a 978-80-223-2380-2 
041 0 |a slo 
041 0 |a eng 
044 |a SK 
245 1 0 |a Knižničná a informačná veda XXI  |b zborník Filozofickej fakulty Univerzity Komenského  |c zodpovedná redaktorka: Anna Čabrunová 
264 1 |a Bratislava  |b Univerzita Komenského Bratislava  |c 2007 
300 |a 139 s. 
610 2 0 |a knihoveda 
610 2 0 |a knihovníctvo 
610 2 0 |a osobnosť 
610 2 0 |a pracovníci odborní 
610 2 0 |a dejiny 
610 2 0 |a tlačiarne 
610 2 0 |a vydavateľstvá 
610 2 0 |a konkurencia 
610 2 0 |a literatúra 
610 2 0 |a hudba 
610 2 0 |a Slovensko 
700 1 |a Čabrunová, Anna 
710 2 |a Univerzita Komenského v Bratislave. Filozofická fakulta